Fantastic Beasts - Statistics

General Stats
  • This quiz has been taken 54 times
  • The average score is 26 of 95
Answer Stats
Answer % Correct
Niffler
73%
Hippogriff
69%
Bowtruckle
58%
Unicorn
58%
Basilisk
54%
Dragon:
54%
Thestral
54%
Centaur
50%
Phoenix
50%
Acromantula
46%
Occamy
46%
Demiguise
42%
Grindylow
42%
Hungarian Horntail
42%
Pixie
42%
Thunderbird
42%
Werewolf
42%
Chinese Fireball
38%
Common Welsh Green
38%
Erumpent
38%
Merpeople
38%
Mooncalf
38%
Norwegian Ridgeback
38%
Troll
38%
Billywig
35%
Gnome
35%
Kelpie
35%
Kneazle
35%
Nundu
35%
Doxy
31%
Fairy
31%
Flobberworm
31%
Fwooper
31%
Griffin
31%
Imp
31%
Kappa
31%
Manticore
31%
Ukrainian Ironbelly
31%
Yeti
31%
Ashwinder
27%
Chimaera
27%
Graphorn
27%
Leprechaun
27%
Peruvian Vipertooth
27%
Salamander
27%
Augurey
23%
Clabbert
23%
Crup
23%
Diricawl
23%
Dugbog
23%
Fire Crab
23%
Hebridean Black
23%
Jobberknoll
23%
Knarl
23%
Porlock
23%
Quintaped
23%
Romanian Longhorn
23%
Sphinx
23%
Swedish Short-snout
23%
Antipodean Opaleye
19%
Chizpurfle
19%
Erkling
19%
Ghoul
19%
Hodag
19%
Jarvey
19%
Lethifold
19%
Murtlap
19%
Plimpy
19%
Puffskein
19%
Sea Serpent
19%
Winged Horse:
19%
Abraxan
15%
Bundimun
15%
Glumbumble
15%
Hippocampus
15%
Horklump
15%
Mackled Malaclaw
15%
Moke
15%
Nogtail
15%
Pogrebin
15%
Red Cap
15%
Re'em
15%
Runespoor
15%
Shrake
15%
Streeler
15%
Hidebehind
12%
Lobalug
12%
Ramora
12%
Snidget
12%
Tebo
12%
Horned Serpent
8%
Snallygaster
8%
Wampus Cat
8%
Aethonan
4%
Granian
4%
No matching quizzes found
Score Distribution
Percent of People with Each Score
Percentile by Number Answered
Your Score History
You have not taken this quiz